10 Najpopularniejszych Piosenek SBM Label - Statystyki

Ogólne statystyki
  • Ten quiz został rozwiązany 495 razy
  • Średni wynik to 5 z 10
Statystyki odpowiedzi
Wyświetlenia / like (tys.) Tytuł % Poprawnych
85 840 259 | 640 California
85%
103 711 456 | 660 Eldorado
65%
55 040 335 | 753 Patointeligencja
59%
49 991 219 | 928 Patoreakcja
58%
52 139 808 | 777 Kiss cam
50%
57 382 789 | 517 Schodki
45%
69 955 649 | 672 Jesteś ładniejsza niż na zdjęciach
42%
42 381 895 | 400 A nie pamiętasz jak
32%
59 588 560 | 483 05:05
31%
42 442 257 | 323 Mogę dziś umierać
28%
Nie znaleziono quizów pasujących do podanych kryteriów
Rozkład punktacji
Procent ludzi z każdym wynikiem
Percentyl według liczby udzielonych odpowiedzi
Twoja historia wyników
Nie rozwiązałeś tego quizu